00000000nam 2200000zi 4500
0019.935602
003CaOODSP
00520250702101245
006m     o  d f      
007cr mn|||||||||
008240319e20250627pica    obs  f000 0 eng d
020 |a9780660708904
040 |aCaOODSP|beng|erda|cCaOODSP
043 |an-cn---
045 |ay1y2
0861 |aV3-1/11-2022E-PDF
1001 |aSweet, Jill, |eauthor.
24510|aCanadian veteran health survey 2022.
264 1|aCharlottetown, Prince Edward Island : |bVeterans Affairs Canada = Anciens combattants Canada, |cJune 27, 2025.
264 4|c©2024
300 |a1 online resource (63 pages) : |bcolour illustrations.
336 |atext|btxt|2rdacontent
337 |acomputer|bc|2rdamedia
338 |aonline resource|bcr|2rdacarrier
4901 |aResearch Directorate technical report
500 |aIssued also in French under title: Enquête de 2022 sur la santé des anciens combattants canadiens.
500 |aThe publication file in PDF format dated "August 31, 2024" was replaced on 2 July 2025 at the request of Veterans Affairs Canada.
500 |a"Research Directorate, Veterans Affairs Canada: Jill Sweet, … Melsen Babe, … Teresa Pound, …"
504 |aIncludes bibliographical references.
520 |a"The Canadian Veteran Health Survey (CVHS) is a new survey designed to measure the health and well-being of Veterans after their transition from military to civilian life. It replaces the previous Life After Service Surveys (LASS). This report describes findings from the 2022 CVHS. From October to December 2022, Statistics Canada conducted the first CVHS on behalf of Veterans Affairs Canada (VAC). The survey was sent to more than 5,000 randomly-selected Veterans who reported on the 2021 Census that they had served in the Canadian military. In all, 3,215 Veterans responded to the survey; and 2,714 (84.4%) agreed that their anonymized data could be shared with VAC"--Supplied from publisher.
650 0|aVeterans|xHealth and hygiene|zCanada|vStatistics.
650 0|aVeterans|xMental health|zCanada|vStatistics.
650 0|aWell-being|zCanada|vStatistics.
655 7|aStatistics|2lcgft
7101 |aCanada. |bVeterans Affairs Canada. |bResearch Directorate, |eissuing body.
77508|tEnquête de 2022 sur la santé des anciens combattants canadiens.|w(CaOODSP)9.935604
830#0|aTechnical report (Canada. Veterans Affairs Canada. Research Directorate)|w(CaOODSP)9.844433
85640|qPDF|s469 KB|uhttps://publications.gc.ca/collections/collection_2025/acc-vac/V3-1-11-2022-eng.pdf|zFull report
8564 |qHTML|sN/A|uhttps://veterans.gc.ca/en/about-vac/research/research-papers/2022-canadian-veteran-health-survey|zSummary